The 25 Most Dangerous Cities On Earth - Statistics

General Stats
  • This quiz has been taken 338 times
  • The average score is 17 of 25
Answer Stats
Rank Hint Answer % Correct
23 Capital of Russia Moscow
92%
8 Capital of Iraq Baghdad
91%
24 Capital of England London
91%
15 Capital of Colombia Bogota
87%
7 Most populous city in the U.S. state of Michigan Detroit
87%
20 Capital of Thailand Bangkok
86%
19 The second most populous city in South Africa Capetown
85%
6 Capital of Venezuela Caracas
83%
10 Most populous city in South Africa Johannesburg
83%
11 Largest city and metropolitan area in the U.S. state of Louisiana New Orleans
80%
14 Capital of Lebanon Beirut
78%
5 Capital of Guatemala Guatemala city
76%
25 Former capital and the most populous city in Nigeria Lagos
75%
2 Capital of Somalia Mogadishu
74%
17 Capital of Haiti Port-au-Prince
74%
9 The largest and most populous city of Pakistan Karachi
70%
4 Capital of Congo (D.R.) Kinshasa
69%
21 The second largest city of Brazil Rio De Janeiro
68%
22 Capital of the Dominican Republic Santo Domingo
61%
16 An independent city and major U.S. port on the eastern line of the state of Missouri St. Louis
58%
12 Capital of Papau New Guinea Port Moresby
57%
1 It is located in the northern mexican state of Chihuahua Ciudad Juarez
46%
3 Capital of Chechnya Grozny
31%
18 It is an industrial city in Krasnoyarsk Krai, Russia Norilsk
6%
13 Capital of Azad Kashmir, Pakistan Muzaffarabad
5%
No matching quizzes found
Score Distribution
Percent of People with Each Score
Percentile by Number Answered
Your Score History
You have not taken this quiz